[Event "AUT-ch Vor3 Internet"]
[Site "Playchess.com INT"]
[Date "2020.04.17"]
[Round "8"]
[White "Schloffer, Jasmin Denise"]
[Black "Gelbenegger, Patrick"]
[Result "1-0"]
[WhiteElo "2110"]
[BlackElo "2240"]
[PlyCount "115"]
[EventDate "2020.04.17"]
[EventType "swiss (blitz)"]
[EventRounds "9"]
[EventCountry "AUT"]
[SourceTitle "CBM 195 Extra"]
[Source "ChessBase"]
[SourceDate "2020.05.31"]
[SourceVersion "1"]
[SourceVersionDate "2020.05.31"]
[SourceQuality "1"]

1. d4 d5 2. c4 e6 3. Nc3 c6 4. e3 h5 5. Nf3 h4 6. h3 Nf6 7. Bd3 dxc4 8. Bxc4 Nd5 9. e4 Nxc3 10. bxc3 c5 11. Rb1 cxd4 12. cxd4 b6 13. 0-0 Bb7 14. Bb5+ Bc6 15. Bxc6+ Nxc6 16. Qa4 Qd7 17. Bf4 Ne5 18. Qxd7+ Nxd7 19. Rfc1 Nf6 20. Ng5 Rd8 21. Be5 Nh5 22. Rc7 Be7 23. Nf3 f6 24. Bh2 Rd7 25. Rbc1 Bd8 26. Rxd7 Kxd7 27. Nxh4 g5 28. Nf3 Ng7 29. Kf1 Ne8 30. Ke2 Nd6 31. Kd3 f5 32. Ne5+ Ke8 33. Ng6 Rg8 34. Bxd6 Rxg6 35. exf5 exf5 36. Re1+ Kd7 37. Be5 Rc6 38. Re2 Be7 39. Rc2 Rxc2 40. Kxc2 Ke6 41. Kd3 Kd5 42. Bb8 a6 43. Ba7 b5 44. Bb6 Bf6 45. g3 Bg7 46. h4 gxh4 47. gxh4 Bh6 48. h5 f4 49. Ba5 f3 50. Bd2 Bg7 51. h6 Bxd4 52. h7 b4 53. Bxb4 Kc6 54. Bc3 Kb5 55. Bxd4 Ka4 56. h8Q a5 57. Qg8 Kb4 58. Qb3# 1-0

[Event "AUT-ch Vor3 Internet"]
[Site "Playchess.com INT"]
[Date "2020.04.17"]
[Round "1"]
[White "Tischler, Michel"]
[Black "Gelbenegger, Patrick"]
[Result "0-1"]
[WhiteElo "1517"]
[BlackElo "2240"]
[PlyCount "64"]
[EventDate "2020.04.17"]
[EventType "swiss (blitz)"]
[EventRounds "9"]
[EventCountry "AUT"]
[SourceTitle "CBM 195 Extra"]
[Source "ChessBase"]
[SourceDate "2020.05.31"]
[SourceVersion "1"]
[SourceVersionDate "2020.05.31"]
[SourceQuality "1"]

1. e4 e5 2. Nf3 Nc6 3. Bb5 a6 4. Ba4 Nf6 5. 0-0 b5 6. Bb3 Be7 7. d3 d6 8. h3 Na5 9. Nc3 0-0 10. Re1 h6 11. Bd2 Nxb3 12. axb3 Bb7 13. Re3 Qd7 14. Ne2 Nh5 15. Ng3 Nxg3 16. fxg3 f5 17. Re1 Rf7 18. Qe2 Raf8 19. c4 c5 20. Bc3 b4 21. Bd2 Qe6 22. Rf1 Qg6 23. Be1 fxe4 24. dxe4 Bxe4 25. Rxa6 Bd3 26. Qf2 Bxf1 27. Qxf1 e4 28. Qe2 exf3 29. Qf2 Bf6 30. Kh2 Bd4 31. Qd2 f2 32. Bxf2 Bxf2 0-1

[Event "AUT-ch Vor2 Internet"]
[Site "Playchess.com INT"]
[Date "2020.04.13"]
[Round "8"]
[White "Alvir, Aco"]
[Black "Gelbenegger, Patrick"]
[Result "1-0"]
[WhiteElo "2355"]
[BlackElo "2240"]
[PlyCount "87"]
[EventDate "2020.04.13"]
[EventType "swiss (blitz)"]
[EventRounds "9"]
[EventCountry "AUT"]
[SourceTitle "CBM 195 Extra"]
[Source "ChessBase"]
[SourceDate "2020.05.31"]
[SourceVersion "1"]
[SourceVersionDate "2020.05.31"]
[SourceQuality "1"]

1. e4 e5 2. Nf3 Nc6 3. Bb5 a6 4. Ba4 Nf6 5. 0-0 b5 6. Bb3 Be7 7. Re1 0-0 8. c3 d6 9. h3 Na5 10. Bc2 c5 11. d4 Qc7 12. Nbd2 Nc6 13. a3 Re8 14. b3 Bf8 15. Bb2 Bb7 16. Rc1 g6 17. Bb1 Bg7 18. d5 Nb8 19. c4 b4 20. axb4 cxb4 21. c5 dxc5 22. Nc4 Nbd7 23. d6 Qd8 24. Qd2 Nh5 25. Rcd1 Bc6 26. Bd3 f6 27. Ne3 Nf4 28. Bc4+ Kh8 29. Nf1 Nb6 30. Qc2 Nxc4 31. Qxc4 Ne6 32. Rd3 Qd7 33. Qc1 Bb5 34. Rdd1 Bf8 35. Ne3 Bxd6 36. Nxe5 Qc7 37. Rxd6 fxe5 38. Bxe5+ Kg8 39. Rxe6 Qxe5 40. Rxe5 Rxe5 41. Ng4 Re6 42. Qxc5 h5 43. Qd5 Rae8 44. Nf6+ 1-0